000 00699nam a2200289Ia 4500
005 20260324144038.0
008 008 260324s9999 xx 000 0 eng d
020 _a9781003520009
037 _aEBOOK
040 _aCRL
040 _beng
040 _cCRL
041 _2eng
041 _aeng
084 _qCRL
100 _aGerald Graff; Michael Warner
_91217869
245 4 _aThe Origins of Literary Studies in America
245 2 _bA Documentary Anthology
260 _bTaylor and Francis
260 _c1989
365 _a
365 _b145
856 _uhttp://www.taylorfrancis.com/books/9781003520009
942 _cEBOOK
999 _c1824009
_d1824009